00552nam a22001697a 450000500170000001000130001702000260003003500120005603700130006808200080008110000200008924500780010924600570018726000530024427000590029730000260035620230822152948.0 aUR-12156 a9788119035649c350.00 aU-10711 bDBAD/PUB a841 aیونس ڈار aاردو غزل کا فکر یاتی منظر نامہ /cیونس ڈار aUrdu Ghazal ka Fikaryati Manzarnama /bby Younis Dar aNew DelhibEducational Publishing Housec2023 ء aH.O. D1/16, Ansari Road, Darya GanjbNew Delhie110002 a220 صc23cm(Hb)